000 00701nam a22002057a 4500
005 20251108164015.0
008 250721s1990 xx 000 0 ara d
082 1 4 _a346.034/نجا
100 1 _aالنجار، عبد الله مبروك
245 1 0 _aالضرر الأدبي و مدى ضمانة في الفقه الإسلامي و القانون :
_bدراسة مقارنة /
264 1 _aالقاهرة :
_bدار النهضة العربية،
_c1990.
300 _a583ص
650 1 7 _aالقانون
650 1 7 _aالإسلام
650 1 7 _aالفقه
650 1 7 _aالعقوبات (فقه إسلامي)
650 1 7 _aالقذف و التشهير
942 _2ddc
_cBK
999 _c1287
_d1287